Schweizer Kantone – Sudden Death - Statistiken

Allgemein
  • Dieses Quiz wurde 24.216 mal gespielt
  • Das Durchschnittsergebnis liegt bei 8 aus 16
Answers on the Grid
Answers color-coded by a green-red scale on the quiz's grid according to % correct below.
Solothurn
Graubünden
Glarus
Zürich
Bern
Zug
Aargau
Thurgau
Schwyz
Wallis
Waadt
Jura
Freiburg
Uri
Tessin
Breisgau
Winterthur
Tirol
Vorarlberg
Vaduz
Elsass
Thun
Schaffhausen
Zermatt
Berchtesgaden
 
Antwortstatistiken
Antwort % Korrekt
Zürich
67%
Bern
66%
Uri
58%
Zug
56%
Schwyz
55%
Wallis
54%
Aargau
53%
Graubünden
51%
Jura
51%
Tessin
50%
Thurgau
48%
Schaffhausen
46%
Freiburg
43%
Solothurn
43%
Waadt
42%
Glarus
41%
Keine übereinstimmenden Quizze gefunden
Verteilung der Resultate
Anzahl Personen mit jedem Resultat
Perzentil nach korrekt beantworteten Fragen
Ihre Resultats-Entwicklung
Sie haben dieses Quiz noch nicht gespielt